Statistics for Bridges of London

Click here to take the quiz!

General Stats

  • This quiz has been taken 4,835 times
    (4,247 since last reset)
  • The average score is 11 of 33

Answer Stats

Use Opened Bridge % Correct
Road1973London Bridge
93%
Road1894Tower Bridge
90%
Road1862Westminster Bridge
63%
Foot2002Millennium Bridge
62%
Road1945Waterloo Bridge
51%
Road1869Blackfriars Bridge
46%
Rail1886Blackfriars Railway Bridge
46%
Road1937Chelsea Bridge
45%
Road1886Putney Bridge
39%
Road1906Vauxhall Bridge
37%
Road1921Southwark Bridge
35%
Road1887Hammersmith Bridge
35%
Road1890Battersea Bridge
33%
Rail1863Battersea Railway Bridge
33%
Road1932Lambeth Bridge
32%
Foot1894Richmond Lock Footbridge
31%
Road1777Richmond Bridge
31%
Rail1848Richmond Railway Bridge
31%
Road1873Albert Bridge
29%
Road1903Kew Bridge
27%
Rail1869Kew Railway Bridge
27%
Rail + Foot1889Fulham Railway Bridge
25%
Rail1863Kingston Railway Bridge
22%
Road1828Kingston Bridge
22%
Road1933Chiswick Bridge
22%
Road1938Wandsworth Bridge
21%
Rail + Foot1864, 2002Hungerford Bridge and
Golden Jubilee Bridges
21%
Rail + Foot1849Barnes Railway Bridge
21%
Rail1866Cannon Street Railway Bridge
20%
Road1933Twickenham Bridge
18%
Road1933Hampton Court Bridge
16%
Foot1889Teddington Lock Footbridges
13%
Rail1859Grosvenor Bridge
10%

Score Distribution

Percentile by Number Answered

Percent of People with Each Score

Your Score History

You have not taken this quiz since the last reset